000 00768nam a22002177a 4500
003 OSt
005 20251028101045.0
008 251028b |||||||| |||| 00| 0 eng d
010 _a10022610
020 _a0-8245-0967-6 (pbk)
040 _aWorld Spirituality;
_bLCC
_cThe Crossroad Publishing Company
050 _aBV 4490.C48 1987
_bC48 1987
100 _aRait, Jill
_qJill Rait
245 _aChristian Spirituality;
_bHigh Middle Ages and Reformation/
_cRait, Jill
250 _aWorld Spiritualty;
_bAn Encyclopedic History of the religious Quest
260 _aNew York
_bThe Crossroad Publishing Company
_c1987
300 _a479 p.:
_bRed
_c23.3cm
_eNull
490 _3Book
_aHigh Middle Ages And Reformation
_vVolume 17
760 _bV. 17
942 _2ddc
_cBK
_n0
_ev. 17
999 _c9707
_d9707